| 000 | 00970nam a2200241 a 4500 | ||
|---|---|---|---|
| 001 | 83297 | ||
| 003 | BD-RjUL | ||
| 005 | 20240311111055.0 | ||
| 008 | 240311s2011 bg a|||| m||| 00| 0 eng d | ||
| 035 | _a(BD-RjUL)83297 | ||
| 040 |
_aBD-RjUL _beng _cBD-RjUL _dBD-RjUL |
||
| 041 | _aeng | ||
| 082 |
_223 _a353.46095492 _bAHA 2011 |
||
| 100 |
_aAhmed, Helal Uddin _912198 |
||
| 245 | 1 | 0 |
_aAdminisrative Corruption in the Delivery of Services : _bA Behavioural Study of 10 Sectors in Dhaka City / _cBy Helal Uddin Ahmed ; _6Supervisor : Md. Abul Quasem |
| 260 |
_aRajshahi : _bInstitute of Bangladesh Studies, University of Rajshahi, _c2011 |
||
| 300 |
_axvii, 180 Leaves : _bill, ; _c29 cm. |
||
| 502 | _aThesis (Ph. D.) -- Institute of Bangladesh Studies, University of Rajshahi, 2011 | ||
| 504 | _aBibliography : Leaves 163-170 | ||
| 650 |
_aPublic Administration _vAdminisrative _zCorruption _912199 |
||
| 700 |
_aQuasem, Md. Abul, Supervisor _91636 |
||
| 942 |
_2ddc _cTHE |
||
| 999 |
_c83297 _d83297 |
||